|
|
|
|
| LEADER |
02155nam a2200457 i 4500 |
| 001 |
nkc20213313379 |
| 003 |
CZ PrNK |
| 005 |
20210909103322.0 |
| 007 |
ta |
| 008 |
210713s2021 xr g 000 f cze |
| 015 |
|
|
|a cnb003313379
|
| 020 |
|
|
|a 978-80-249-4479-1
|q (vázáno)
|
| 035 |
|
|
|a (OCoLC)1267680172
|
| 040 |
|
|
|a ABG001
|b cze
|e rda
|
| 041 |
1 |
|
|a cze
|h eng
|
| 072 |
|
7 |
|a 821.111-3
|x Anglická próza, anglicky psaná
|2 Konspekt
|9 25
|
| 080 |
|
|
|a 821.111(94)-31
|2 MRF
|
| 080 |
|
|
|a (0:82-312.4)
|2 MRF
|
| 100 |
1 |
|
|a Hepworth, Sally
|7 xx0200551
|4 aut
|
| 240 |
1 |
0 |
|a Mother-in-law.
|l Česky
|
| 245 |
1 |
0 |
|a Tchyně /
|c Sally Hepworthová ; přeložil Martin Urban
|
| 250 |
|
|
|a Vydání první
|
| 264 |
|
1 |
|a Praha :
|b Ikar,
|c 2021
|
| 300 |
|
|
|a 269 stran ;
|c 24 cm
|
| 336 |
|
|
|a text
|b txt
|2 rdacontent
|
| 337 |
|
|
|a bez média
|b n
|2 rdamedia
|
| 338 |
|
|
|a svazek
|b nc
|2 rdacarrier
|
| 500 |
|
|
|a Přeloženo z angličtiny
|
| 520 |
2 |
|
|a Krimiromán australské autorky s tématem spletitých rodinných vztahů a tajemství.
|b Lucy svou tchyni poznala před pěti lety. Ačkoli se k ní Diana tehdy chovala přátelsky a zdvořile, Lucy okamžitě poznala, že nesplňuje její představy. I přesto se jí snažila vždycky zavděčit. Teď se našlo Dianino tělo a vedle něj dopis na rozloučenou. V něm se píše, že raději zemře hned, než aby sváděla únavný boj s rakovinou. Jenže při pitvě se žádná rakovina nenajde. Místo toho patolog odhalí stopy jedu a dušení. Navíc je zřejmé, že každý člen rodiny něco tají. Ale co? A kdy už konečně všechno to tajnůstkaření skončí? Nakladatelská anotace.
|
| 655 |
|
7 |
|a australské romány
|7 fd131842
|2 czenas
|
| 655 |
|
7 |
|a detektivní romány
|7 fd132010
|2 czenas
|
| 655 |
|
9 |
|a Australian fiction
|2 eczenas
|
| 655 |
|
9 |
|a detective novels
|2 eczenas
|
| 700 |
1 |
|
|a Urban, Martin,
|d 1967-
|7 xx0176367
|4 trl
|
| 910 |
2 |
|
|a BOA001
|b 2-1471.030
|
| 920 |
|
|
|a 4603211
|z ABG001
|
| 928 |
9 |
|
|a Euromedia Group - Ikar
|
| 990 |
|
|
|a BK
|
| 995 |
|
|
|a 01
|
| 991 |
|
|
|b 202108
|c NOV
|
| 996 |
6 |
|
|b 2610874045
|c 2-1471.030
|l MZK
|r Sklad / do 1 hodiny
|n 2
|p p.v.
|w 001859195
|u 000010
|a 1
|e BOA001
|j MZK50
|s P
|